00650nam a22001937a 450000500170000001000150001702000270003203500130005903700130007208200110008510000190009624500960011526000300021127000910024130000400033265000220037265000400039470000220043420130529114602.0 aENG-107139 a9781445406657c1295.00 aEN-90672 bDBAD/PUB a307.76 aBrenner, Falko10a(One hundred) 100 cities of the world /cby Falko Brenner ; illustrated by Evgen Lutskevych aUKbParragon Books c2010 aRhythm Book Distributors, Old no. 4, new no. 5, Jeenis Road, SaidapetbChennaie600015 a240p.:c28cm(Hb)bcol.ill.e1CD-ROM aCities and towns. aCities and towns vPictorial works. a Lutskevych,Evgen